skbl

Dr Suryya Kumar Bhuyan Library Web-OPAC
ডঃ সূৰ্য্য
কুমাৰ ভূঞা পুথিভঁৰাল ৱেব-অ'পেক

All Research Scholars are advised to clear the annual library fees to continue using Library Resources, Remote Access, Plagiarism Test and Library Clearance.

Cotton University Book Fair 2026

Nabbharti / (Record no. 3223)

MARC details
000 -LEADER
fixed length control field 00645nam a2200253Ia 4500
001 - CONTROL NUMBER
control field 3235
005 - DATE AND TIME OF LATEST TRANSACTION
control field 20240113233619.0
007 - PHYSICAL DESCRIPTION FIXED FIELD--GENERAL INFORMATION
fixed length control field ta
008 - FIXED-LENGTH DATA ELEMENTS--GENERAL INFORMATION
fixed length control field 170722s2018 ii g b000 u hin u
040 ## - CATALOGING SOURCE
Original cataloging agency Cotton College,Assam
041 ## - LANGUAGE CODE
Language code of text/sound track or separate title hin
082 ## - DEWEY DECIMAL CLASSIFICATION NUMBER
Classification number 891.431
Item number B168 N
100 ## - MAIN ENTRY--PERSONAL NAME
Personal name Bajpaie, Nandadulara .
245 #0 - TITLE STATEMENT
Title Nabbharti /
Statement of responsibility, etc. Nandadulara Bajpaie.
Medium Textual Documents
250 ## - EDITION STATEMENT
Edition statement Ist ed /
260 ## - PUBLICATION, DISTRIBUTION, ETC.
Place of publication, distribution, etc. Kolkata :
Name of publisher, distributor, etc. Janbani Prakashan ,
Date of publication, distribution, etc. 2018.
300 ## - PHYSICAL DESCRIPTION
Extent 163 P ;
Dimensions 21 cm.
500 ## - GENERAL NOTE
General note 2 Copy.
653 ## - INDEX TERM--UNCONTROLLED
Uncontrolled term Collection of Hindi Poem
942 ## - ADDED ENTRY ELEMENTS (KOHA)
Source of classification or shelving scheme Dewey Decimal Classification
Koha item type Books
Holdings
Withdrawn status Lost status Damaged status Not for loan Home library Current library Date acquired Coded location qualifier Total checkouts Full call number Barcode Date last seen Copy number Price effective from Koha item type
        Dr. Suryya Kumar Bhuyan Library Dr. Suryya Kumar Bhuyan Library 01/02/2012 00000   891.431 B168 N 51895 13/01/2024 2 01/02/2012 Books
        Dr. Suryya Kumar Bhuyan Library Dr. Suryya Kumar Bhuyan Library 01/02/2012 00000   891.431 B168 N 51894 13/01/2024 1 01/02/2012 Books

Designed and Maintained by Team SKBL
©1901-2026

Powered by Koha